00802 2200253 4500001002100000005001700021008004100038035002500079040001200104082000800116084001600124090001600140245016200156260002800318300003900346500004900385650002800434700001600462700001300478700001700491700000900508700001900517850001200536INLIS00000000000218420150220122710.0  a0010-021500000000448 aYOPDYOG a374 aCoE 374 Oas aCoE 374 Oas aOASIS : mengejar harapan 58 [rekaman video]c/ pimpinan redaksi Andy F Noya ; editor, Fernanda, Rico ; penulis naskah Sri Rusdiyanto ; produser Hadii Winarto aJakartabMetro TVc2007 aDVDb: digital, stereoc; 4 3/4 in aProgram Metro TV ; tanggal tayang 29/12/2007 aPendidikan Luar Sekolah aAndy F Noya aFernanda aHadi Winarto aRico aSri Rusdiyanto aYOPDYOG